000 00938cam a2200277 i 4500
001 14212786
003 EG-ScBUE
005 20260121095330.0
008 051228t2007 nyuab g b 001 0 eng d
020 _a9780716776963
040 _aDLC
_beng
_erda
_cDLC
_dEG-ScBUE
082 0 4 _222
_a551.8
_bUND
245 0 0 _aUnderstanding earth /
_cJohn Grotzinger, California Institute of Technology [and yhree others]
250 _aFifth edition.
264 1 _aNew York :
_bW.H. Freeman,
_c[2007]
264 4 _cc2007
300 _a1 volume (various pagings) :
_billustrations (some color), maps (some color) ;
_c28 cm
336 _2rdacontent
_atext
_btxt
337 _aunmediated
_2rdamedia
_bn
338 _avolume
_bnc
_2rdacarrier
504 _aIncludes bibliographical references and index.
650 7 _aEarth sciences.
_2BUEsh
655 _vReading book
942 _2ddc
_cBB
999 _c10576
_d10576